000 00732nam a2200253 a 4500
003 DO-SdBNP
005 20240530073927.0
007 ta
008 100324s1989 dr 000 f spa d
020 _a84000044
040 _aDO-SdBNP
_bspa
_cBNPHU
082 4 _aRD863.42
_bM358o 1989
_222
100 1 _aMarrero Aristy, Ramón,
_d1913-1959
_922324
245 1 0 _aOver /
_cRamón Marrero Aristy.
250 _a14a. ed.
260 _aSanto Domingo :
_bTaller,
_c1989.
300 _a224 p. ;
_c21 cm.
490 0 _aBiblioteca Taller
_v14
590 _aInventariado, 2022 / YL
650 0 _aNovela dominicana
_9223
650 0 _aLiteratura dominicana.
_967
910 _aYLockward/Validado. Control de calidad MFF
942 _2ddc
_cLBS1
999 _c52864
_d52864